000 00572nam a2200157 a 4500
008 120416s1977 ||||||||||||||||| || u
050 _aHD 62.7 Mer
100 _aMeredith, Geoffrey Grant
245 1 0 _aSmall business management in Australia
260 _aNew York
_bMcGraw-Hill
_c[1977]
300 _a[vii],351p. : ill.
350 _a0.00
650 _aSMALL BUSINESS--MANAGEMENT--AUSTRALIA
650 0 _aBUSINESS
995 _D0.00
_FCBU-MAIN LIBRARY (Kitwe)
_H1
_I0.00
_M1
_UDAMAGED
_ZAnnex Low-Usage Collection
999 _c57580
_d57580